000 00330nam a2200145Ia 4500
001 R-853
003 CODICE-MESSINA
005 20260212102458.0
008 260211s9999 xx 000 0 und d
040 _cimportazione_messina
100 _aValentina D'urbano
245 0 _aAcquanera
260 _bLonganesi
942 _2ddc
_cBK
999 _c27345
_d27345